Limites constitucionales al poder penal: (Registro nro. 6528)
[ vista simple ]
| 000 -LEADER | |
|---|---|
| fixed length control field | 01330nam a22004457a 4500 |
| 003 - CONTROL NUMBER IDENTIFIER | |
| control field | OSt |
| 005 - DATE AND TIME OF LATEST TRANSACTION | |
| control field | 20260420105515.0 |
| 007 - PHYSICAL DESCRIPTION FIXED FIELD--GENERAL INFORMATION | |
| fixed length control field | ta |
| 008 - FIXED-LENGTH DATA ELEMENTS--GENERAL INFORMATION | |
| fixed length control field | 260420s2024 ag ||||| |||| 00| 0 spa d |
| 020 ## - INTERNATIONAL STANDARD BOOK NUMBER | |
| International Standard Book Number | 9789878057941 |
| 040 ## - CATALOGING SOURCE | |
| Transcribing agency | cj catamarca |
| 082 ## - DEWEY DECIMAL CLASSIFICATION NUMBER | |
| Classification number | 343.1 V836 |
| 100 10 - MAIN ENTRY--PERSONAL NAME | |
| 9 (RLIN) | 314 |
| Personal name | Vitale, Gustavo L. |
| 245 10 - TITLE STATEMENT | |
| Title | Limites constitucionales al poder penal: |
| Remainder of title | Acerca del proceso, del delito y de la pena |
| 250 ## - EDITION STATEMENT | |
| Edition statement | 1º ed. |
| 260 ## - PUBLICATION, DISTRIBUTION, ETC. | |
| Place of publication, distribution, etc. | Buenos Aires: |
| Name of publisher, distributor, etc. | Hammurabi |
| Date of publication, distribution, etc. | 2024 |
| 300 ## - PHYSICAL DESCRIPTION | |
| Extent | 742 p. |
| Dimensions | 23 cm |
| 500 ## - GENERAL NOTE | |
| General note | INVENTARIO Nº 8156 |
| 650 #7 - SUBJECT ADDED ENTRY--TOPICAL TERM | |
| Source of heading or term | SAIJ |
| 653 ## - INDEX TERM--UNCONTROLLED | |
| Uncontrolled term | PROCESO PENAL |
| 653 ## - INDEX TERM--UNCONTROLLED | |
| Uncontrolled term | GARANTIAS PROCESALES |
| 653 ## - INDEX TERM--UNCONTROLLED | |
| Uncontrolled term | TEORIA DEL DELITO |
| 653 ## - INDEX TERM--UNCONTROLLED | |
| Uncontrolled term | DELITO-CONCEPTO |
| 653 ## - INDEX TERM--UNCONTROLLED | |
| Uncontrolled term | DELITO-TIPICIDAD |
| 653 ## - INDEX TERM--UNCONTROLLED | |
| Uncontrolled term | DELITO-LEGALIDAD |
| 653 ## - INDEX TERM--UNCONTROLLED | |
| Uncontrolled term | RESPONSABILIDAD PENAL PERSONAL |
| 653 ## - INDEX TERM--UNCONTROLLED | |
| Uncontrolled term | RESPONSABILIDAD PENAL-HECHO PROPIO |
| 653 ## - INDEX TERM--UNCONTROLLED | |
| Uncontrolled term | LESIVIDAD-PRINCIPIOS |
| 653 ## - INDEX TERM--UNCONTROLLED | |
| Uncontrolled term | OFENSIVIDAD-PRINCIPIOS |
| 653 ## - INDEX TERM--UNCONTROLLED | |
| Uncontrolled term | VICTIMA-CONSENTIMIENTO |
| 653 ## - INDEX TERM--UNCONTROLLED | |
| Uncontrolled term | RESPONSABILIDAD PENAL-SUBJETIVA |
| 653 ## - INDEX TERM--UNCONTROLLED | |
| Uncontrolled term | DOLO-CULPA |
| 653 ## - INDEX TERM--UNCONTROLLED | |
| Uncontrolled term | CULPA |
| 653 ## - INDEX TERM--UNCONTROLLED | |
| Uncontrolled term | CULPABILIDAD |
| 653 ## - INDEX TERM--UNCONTROLLED | |
| Uncontrolled term | PENA-LIMITES CONSTITUCIONALES |
| 653 ## - INDEX TERM--UNCONTROLLED | |
| Uncontrolled term | PENA-COMPUTO |
| 653 ## - INDEX TERM--UNCONTROLLED | |
| Uncontrolled term | SENTENCIAS-UNIFICACION |
| 856 ## - ELECTRONIC LOCATION AND ACCESS | |
| Uniform Resource Identifier | <a href="https://drive.google.com/file/d/1QRor3mcv_VzBhq81e0zh4EKEM60J0Xcz/view?usp=sharing">https://drive.google.com/file/d/1QRor3mcv_VzBhq81e0zh4EKEM60J0Xcz/view?usp=sharing</a> |
| 942 ## - ADDED ENTRY ELEMENTS (KOHA) | |
| Source of classification or shelving scheme | Dewey Decimal Classification |
| Koha item type | Book |
| Suppress in OPAC | No |
| Withdrawn status | Lost status | Source of classification or shelving scheme | Damaged status | Not for loan | Home library | Current library | Date acquired | Source of acquisition | Total Checkouts | Full call number | Barcode | Date last seen | Price effective from | Koha item type |
|---|---|---|---|---|---|---|---|---|---|---|---|---|---|---|
| Dewey Decimal Classification | PJCB | PJCB | 04/20/2026 | Compra | 343.1 V836 | 8156 | 04/20/2026 | 04/20/2026 | Book |

